| 000 | 00478nam a2200193Ia 4500 | ||
|---|---|---|---|
| 003 | GCL | ||
| 008 | 140319s9999 xx 000 0 eng d | ||
| 040 |
_aGCL / _cGCL |
||
| 082 | 0 | 4 |
_a630 _bK M |
| 100 | 1 | _aKROPFF, M.J. | |
| 245 | 1 | 0 |
_aMODELLING GROOP - WEED INTERACTION / _cKROPFF, M.J. |
| 700 | 1 | _aVAN LAAR, H.H. | |
| 260 |
_a[S.N] : _bC. A. B INTERNATIONAL ، _c1993 |
||
| 300 | _a274 P | ||
| 650 | 0 | 4 | _aCROPS |
| 650 | 0 | 4 | _aWEEDS |
| 650 | 0 | 4 | _aMODELING |
| 942 |
_2ddc _cBK |
||
| 999 |
_c14840 _d14840 |
||